000 01157 a2200169 4500
003 Nust
005 20170207153339.0
040 _cNust
082 _a537
100 _aName: Hirst, A. W.
245 _aElectricity and magnetism for engineering students
_c by A.W. Hirst ...
260 _aLondon, Glasgow
_b, Blackie & son limited,
_c 1936.
300 _axv, 388 p. illus.,
_bdiagrs. 23 cm.
505 _aUnits and Mechanical Principles (Page-1) Electricity and Matter (Page-16) Electricity and Energy (Page-23) Effects of an Electric Current and Their Applications (Page-28) Magnetism (Page-37) The Electric Circuit (Page-75) Resistance and the Heating Effect Thermo-Electricity (Page-110) Electrolysis- Primary and Secondary Cells (Page-138) Electromagnetism (Page-157) Electromagnetic Induction (Page-192) Measuring Instruments (Page-222) The Magnetization of Iron and Steel (Page-243) The Magnetic Circuit (Page-298) Alternating Current Circuits (Page-281) Principle of Electrical Machines (Page-334) Principles of Electrostatics (Page-384) Elements of Thermionics (Page-431)
538 _aAlmirah No.17 and Shelf No.1
650 _aElectricity and magnetism
942 _2ddc
_cBK
999 _c184192
_d184192